| 000 | 02294nam0a2200409 4500 | ||
|---|---|---|---|
| 001 | RU\NLR\bibl\215410 | ||
| 005 | 20260409072213.0 | ||
| 010 |
_a5-86894-422-4 _93000 |
||
| 020 |
_aRU _b01-39376 _9Книжная летопись |
||
| 021 |
_aRU _b2001-20250 _9953 |
||
| 035 | _a(NLR Aleph) 000211544 | ||
| 090 |
_a1227973 _c1227973 |
||
| 100 | _a20011206d2001 |||y0rusy50 ca | ||
| 101 | 0 | _arus | |
| 102 | _aRU | ||
| 105 | _ay ||||||||| | ||
| 200 | 1 |
_aОб арбитражных судах в Российской Федерации _eФедер. конституц. закон _e[Принят Гос. Думой 5 апр. 1995 г. _eОдобр. Советом Федерации 12 апр. 1995 г.] |
|
| 205 | _a[4-е изд.] | ||
| 210 |
_aМ. _cОсь-89 _d2001 |
||
| 215 |
_a111, [1] с. _d21 |
||
| 423 | 0 |
_12001#$aАрбитражный процессуальный кодекс Российской Федерации$e[Принят Гос. Думой 5 апр. 1995 г. : По состоянию на 10 марта 2001 г.] _1215##$aС. 100-102 _tАрбитражный процессуальный кодекс Российской Федерации |
|
| 604 |
_171001$aРоссийская Федерация _150011$aАрбитражный процессуальный кодекс$2nlr_sh2$3RU\NLR\AUTH\661262504 _aРоссийская Федерация _tАрбитражный процессуальный кодекс _92086371 _3RU\NLR\AUTH\661262504 |
||
| 606 |
_aАрбитражный процессуальный кодекс _yРоссийская Федерация _3RU\NLR\auth\66973390 _91541619 |
||
| 610 | 0 | _aАрбитражные суды в Российской Федерации - Законодательство | |
| 610 | 0 | _aАрбитражный процессуальный кодекс Российской Федерации | |
| 675 |
_a347.918(470)(094.4) _v3 _zrus |
||
| 686 |
_a10.31 _2rugasnti |
||
| 686 |
_a67.410 _2rubbk |
||
| 686 | _aХ629.221-324.9(2Р) | ||
| 740 | 1 |
_aРоссийская Федерация _tЗаконы _3RU\NLR\AUTH\883331 _9277893 |
|
| 801 | 0 |
_aRU _bRKP _c20011206 _gPSBO |
|
| 801 | 1 |
_aRU _bRKP _c20011206 |
|
| 801 | 2 |
_aRU _bNLR _c20090519 _grcr |
|
| 942 | _cBOOK | ||
| 980 | _aNB | ||